The lands of the Eastern Caliphate : Mesopotamia, Persia, and Central Asia, from the Moslem conquest to the time of Timur.
Saved in:
Main Author:
Format: Book
Language: English
Published:
[London] :
F. Cass,
1966.
Subjects:
Tags: Add Tag
No Tags, Be the first to tag this record!
Call Number: DS44.9 .L6 1966
| LEADER | 00930namaa2200277 4500 | ||
|---|---|---|---|
| 001 | 20741 | ||
| 003 | OSt | ||
| 005 | 20260309105824.0 | ||
| 008 | 130303s1966 enkb b 000 0 eng d | ||
| 010 | |a 66001733 | ||
| 040 | |c ARCE Library | ||
| 043 | |a ac----- |a a-iq--- |a a-ir--- |a a-tu--- | ||
| 050 | 4 | |a DS44.9 .L6 1966 | |
| 100 | 1 | |a Le Strange, G., |q (Guy), |d 1854-1933, |e author | |
| 245 | 1 | 4 | |a The lands of the Eastern Caliphate : |b Mesopotamia, Persia, and Central Asia, from the Moslem conquest to the time of Timur. |
| 264 | 1 | |a [London] : |b F. Cass, |c 1966. | |
| 300 | |a xvii, 536 pages : |b 10 maps ; |c 23 cm. | ||
| 500 | |a First published in 1905. | ||
| 504 | |a Bibliographical footnotes. | ||
| 651 | 0 | |a Iraq |x Historical geography. | |
| 651 | 0 | |a Iran |x Historical geography. | |
| 651 | 0 | |a Asia, Central |x Historical geography. | |
| 651 | 0 | |a Turkey |x Historical geography. | |
| 901 | |a reviewed | ||
| 942 | |c BK |2 lcc | ||
| 999 | |c 17193 |d 17193 | ||
